|
|
|
|
| LEADER |
00000nam a2200000 a 4500 |
| 001 |
vtls001340615 |
| 003 |
SK-MaSNL |
| 005 |
20260302033604.0 |
| 008 |
251031s1998 xo 0 cze |
| 015 |
|
|
|a SNBJ1998/03-01871
|
| 035 |
|
|
|a SNK000293713
|
| 040 |
|
|
|a SNK
|b slo
|c SNK
|e AACR2
|
| 041 |
0 |
|
|a cze
|
| 044 |
|
|
|a xo
|c SK
|
| 080 |
|
|
|a 791.43(73)(086.8)
|2 1981
|
| 240 |
1 |
0 |
|a The Killing grounds
|l Česky
|
| 245 |
1 |
|
|a Stopaři
|h videozáznam
|b svou kořist chtějí za každou cenu, už nic je nezastaví
|c réžia Kurt Anderson
|
| 260 |
|
|
|a Bratislava
|b Intersonic
|c 1998
|
| 300 |
|
|
|a 1 videokazeta (99 min.)
|b stereo, fareb., VHS systém PAL
|c 10x19 cm
|
| 511 |
|
|
|a Hrajú: Arthur Michael Hall, Cynthia Gearyová, Priscilla Barnesová, Charles Rocket, Rodney Grant
|
| 521 |
|
|
|a Mládeži do 15 r. nevhodné
|
| 650 |
0 |
7 |
|a filmy dobrodružné
|x videokazety
|2 SNK
|9 291183
|
| 655 |
|
7 |
|a videokazety
|2 SNK
|9 70726
|
| 700 |
1 |
|
|a Anderson, Kurt
|4 aud
|9 42602
|
| 700 |
1 |
|
|a Hall, Arthur Michael
|4 uci
|9 683993
|
| 700 |
1 |
|
|a Gearyová, Cynthia
|4 uci
|9 683994
|
| 700 |
1 |
|
|a Barnesová, Priscilla
|4 uci
|9 683995
|
| 700 |
1 |
|
|a Rocket, Charles
|4 uci
|9 683996
|
| 700 |
1 |
|
|a Grant, Rodney
|4 uci
|9 683997
|
| 730 |
|
|
|t The Killing grounds
|9 683998
|
| 999 |
|
|
|c 1062421
|d 1064351
|
| 952 |
|
|
|t P65, <07>, [BOOK], {657}
|a SNK
|b SNK
|y PREZ
|7 0
|p 17A0153157
|o snkSVC 1104
|i snkJK 360/98
|0 0
|1 0
|4 0
|d 1998-08-28
|l 0
|r 2005-01-02 00:00:00
|w 2026-02-24
|